| 000 | 00366nam a22001217a 4500 | ||
|---|---|---|---|
| 999 |
_c9743 _d9743 |
||
| 003 | OSt | ||
| 008 | 201211b ||||| |||| 00| 0 eng d | ||
| 245 | _aIndian Journal of Industrial Relations | ||
| 250 | _a2009( Apr Vol.44 No.4) 2010(Apr Vol.45 No.4) 2012(Apr Vol.47 No.4) | ||
| 260 |
_aNew Delhi _bShri Ram Centre |
||
| 650 | _aMechanical Engineering | ||
| 942 |
_2ddc _cBV |
||